[Event "VIE-ch U15 Girls"]
[Site "Ho Chi Minh City"]
[Date "2022.07.11"]
[Round "1"]
[White "Vu, My Linh"]
[Black "Dinh, Nguyen Hien Anh"]
[Result "1-0"]
[WhiteElo "2108"]
[BlackElo "2097"]
[PlyCount "85"]
[EventDate "2022.07.11"]
[EventType "swiss"]
[EventRounds "9"]
[EventCountry "VIE"]
[SourceTitle "EXT 2023"]
[Source "ChessBase"]
[SourceDate "2022.10.05"]
[SourceVersion "1"]
[SourceVersionDate "2022.10.05"]
[SourceQuality "1"]

1. d4 Nf6 2. Bf4 d5 3. Nf3 c5 4. e3 Nc6 5. Nbd2 Bg4 6. Be2 cxd4 7. Nxd4 Bxe2 8. Qxe2 Nxd4 9. exd4 e6 10. h4 Bd6 11. Be5 Bxe5 12. dxe5 Nd7 13. c3 Rb8 14. f4 b5 15. Qg4 g6 16. h5 Qb6 17. hxg6 fxg6 18. Ke2 b4 19. c4 Qc6 20. Rac1 0-0 21. Rh3 Rf7 22. Rch1 Rbf8 23. g3 dxc4 24. Qxg6+ Rg7 25. Qc2 Nb6 26. Rxh7 Qg2+ 27. Kd1 Qxg3 28. Qe4 Nd5 29. Nxc4 Qg4+ 30. Kc1 Qxf4+ 31. Qxf4 Rxf4 32. Rh8+ Kf7 33. Nd6+ Ke7 34. Ra8 Nb6 35. Rxa7+ Nd7 36. Rh8 Rg1+ 37. Kc2 b3+ 38. axb3 Rf2+ 39. Kd3 Rg3+ 40. Ke4 Re2+ 41. Kf4 Rxe5 42. Nc8+ Kf6 43. Kxg3 1-0

[Event "VIE-ch (Women)"]
[Site "Tinh Bac Giang"]
[Date "2022.02.28"]
[Round "7"]
[White "Le, La Tra My"]
[Black "Vu, My Linh"]
[Result "0-1"]
[WhiteElo "1829"]
[BlackElo "1469"]
[PlyCount "54"]
[EventDate "2022.02.28"]
[EventType "swiss"]
[EventRounds "9"]
[EventCountry "VIE"]
[SourceTitle "CBM 207 Extra"]
[Source "ChessBase"]
[SourceDate "2022.05.31"]
[SourceVersion "1"]
[SourceVersionDate "2022.05.31"]
[SourceQuality "1"]

1. d4 Nf6 2. c4 g6 3. Nc3 Bg7 4. e4 d6 5. f3 0-0 6. Be3 e5 7. d5 c6 8. Qd2 cxd5 9. cxd5 Na6 10. 0-0-0 Qa5 11. Kb1 Bd7 12. g4 Rfc8 13. Nge2 b5 14. Nc1 b4 15. Nb3 Qc7 16. Bxa6 bxc3 17. bxc3 Rcb8 18. Kc2 Rb4 19. Qd3 Rab8 20. Rb1 Ra4 21. Rb2 Nxd5 22. Qxd5 Rxa6 23. Rc1 Be6 24. Qd2 Rxa2 25. Rxa2 Bxb3+ 26. Kb2 Bxa2+ 27. Ka1 Bc4 0-1

[Event "Eastern Asia-ch U14 Girls"]
[Site "Tornelo INT"]
[Date "2021.10.22"]
[Round "1"]
[White "Sanchee, Sahoo"]
[Black "Vu, My Linh"]
[Result "0-1"]
[WhiteElo "1127"]
[BlackElo "1385"]
[PlyCount "64"]
[EventDate "2021.10.22"]
[EventType "swiss"]
[EventRounds "9"]
[EventCountry "NET"]
[SourceTitle "EXT 2023"]
[Source "ChessBase"]
[SourceDate "2022.10.05"]
[SourceVersion "1"]
[SourceVersionDate "2022.10.05"]
[SourceQuality "1"]

1. e4 d6 2. d4 Nf6 3. Nc3 g6 4. Nf3 Bg7 5. Bc4 0-0 6. h3 Nxe4 7. Nxe4 d5 8. Bd3 dxe4 9. Bxe4 c6 10. 0-0 Na6 11. c3 Be6 12. Re1 Nc7 13. Bc2 Bd5 14. Bf4 Ne6 15. Bg3 c5 16. dxc5 Nxc5 17. Qe2 e6 18. Rad1 Qb6 19. Bb1 Na4 20. Rd2 Bxf3 21. Qxf3 Nxb2 22. Be4 Nc4 23. Rdd1 Qa5 24. Bxb7 Rad8 25. Qc6 Rxd1 26. Rxd1 Qxc3 27. Qa4 Nb2 28. Qxa7 Nxd1 29. Bf3 Bd4 30. Qe7 Qe1+ 31. Kh2 Nxf2 32. Qh4 Qh1# 0-1

[Event "Wch U10 Girls"]
[Site "Santiago de Compostela"]
[Date "2018.11.15"]
[Round "11"]
[White "Velea, Sophie"]
[Black "Vu, My Linh"]
[Result "1-0"]
[WhiteElo "1593"]
[BlackElo "1349"]
[PlyCount "135"]
[EventDate "2018.11.04"]
[EventType "swiss"]
[EventRounds "11"]
[EventCountry "ESP"]
[SourceTitle "EXT 2022"]
[Source "ChessBase"]
[SourceDate "2021.10.06"]
[SourceVersion "1"]
[SourceVersionDate "2021.10.06"]
[SourceQuality "1"]

1. e4 g6 2. d4 Bg7 3. Nc3 d6 4. Nf3 Nf6 5. Be2 0-0 6. 0-0 e5 7. Bg5 Be6 8. Qd2 exd4 9. Nxd4 Nbd7 10. f4 h6 11. f5 Bxf5 12. Bxf6 Qxf6 13. Nb3 Qh4 14. exf5 Be5 15. h3 Qg3 16. Rf3 Qh2+ 17. Kf2 Nf6 18. Qd3 Nh5 19. Rg1 Rae8 20. Nd5 c6 21. fxg6 f5 22. Ne3 Bg3+ 23. Kf1 Nf4 24. Qd2 Nxe2 25. Qxe2 f4 26. Nd4 d5 27. c4 c5 28. Ng4 cxd4 29. Nxh2 Rxe2 30. Kxe2 Bxh2 31. Rd1 Re8+ 32. Kd3 dxc4+ 33. Kxc4 Re2 34. Rxd4 Rxg2 35. Rd7 Rxb2 36. a3 Bg3 37. Rfd3 Rb6 38. Rb3 Rxg6 39. Rd8+ Kf7 40. Rxb7+ Kf6 41. Rd6+ Kg5 42. Rxg6+ Kxg6 43. Rxa7 f3 44. Kd3 Kg5 45. Ra4 h5 46. Ke3 f2 47. Ke2 h4 48. Rc4 Kf5 49. a4 Ke5 50. a5 Kd5 51. a6 Bb8 52. Rb4 Ba7 53. Rb7 Bc5 54. a7 Bxa7 55. Rxa7 Ke4 56. Ra4+ Kf5 57. Rxh4 Kg5 58. Rg4+ Kh5 59. Kxf2 Kh6 60. Kf3 Kh7 61. Kf4 Kh6 62. Rh4+ Kg6 63. Kg4 Kg7 64. Kf5 Kf7 65. Rh7+ Kf8 66. Kg6 Kg8 67. Rf7 Kh8 68. Rf8# 1-0

[Event "Wch U10 Girls rapid"]
[Site "Minsk"]
[Date "2018.06.23"]
[Round "9"]
[White "Kleymenova, Valeria"]
[Black "Vu, My Linh"]
[Result "0-1"]
[WhiteElo "1451"]
[BlackElo "1319"]
[PlyCount "144"]
[EventDate "2018.06.22"]
[EventType "swiss (rapid)"]
[EventRounds "9"]
[EventCountry "BLR"]
[SourceTitle "EXT 2019"]
[Source "ChessBase"]
[SourceDate "2018.10.10"]
[SourceVersion "1"]
[SourceVersionDate "2018.10.10"]
[SourceQuality "1"]

1. d4 Nf6 2. e3 g6 3. f4 Bg7 4. Nf3 0-0 5. Bd3 d6 6. 0-0 c5 7. c3 Nc6 8. Qe2 b6 9. Nbd2 d5 10. Ne5 Nxe5 11. fxe5 Ng4 12. Nf3 c4 13. Bc2 f6 14. exf6 Nxf6 15. e4 dxe4 16. Bxe4 Nxe4 17. Qxe4 Bf5 18. Qe1 Bd3 19. Rf2 Qd6 20. Bg5 Rf7 21. Bh4 Raf8 22. Bg3 Qc6 23. Ne5 Bxe5 24. Rxf7 Bxd4+ 25. cxd4 Rxf7 26. Qe5 Qf6 27. Qxf6 exf6 28. Re1 Rd7 29. Bf2 Kf7 30. h3 b5 31. a3 a5 32. Ra1 b4 33. axb4 axb4 34. Be1 Rxd4 35. Bxb4 Rd7 36. Bc3 Rd6 37. Ra7+ Kg8 38. Ra8+ Kg7 39. Ra7+ Kh6 40. Bb4 Rb6 41. Ba3 g5 42. Kf2 Re6 43. Kg3 Kg6 44. Kh2 h5 45. Bf8 Re2 46. Ba3 Be4 47. Bf8 Rxg2+ 48. Kh1 Rxb2+ 49. Kg1 Rb7 50. Ra4 Bd3 51. Kf2 Rc7 52. Ke3 Bc2 53. Ra2 Bf5 54. Kd2 c3+ 55. Kc1 c2 56. Bd6 Rb7 57. Ra1 Rd7 58. Ra6 Rd8 59. Kd2 Rc8 60. Kc1 Rd8 61. Kd2 g4 62. hxg4 hxg4 63. Kc1 Kg5 64. Kb2 Re8 65. Bb4 g3 66. Bd2+ Kg4 67. Rxf6 Rb8+ 68. Ka2 g2 69. Be3 g1Q 70. Bxg1 c1Q 71. Bd4 Qb1+ 72. Ka3 Qb3# 0-1

[Event "Wch U10 Girls rapid"]
[Site "Minsk"]
[Date "2018.06.23"]
[Round "8"]
[White "Vu, My Linh"]
[Black "Bykovskikh, Ekaterina"]
[Result "1-0"]
[WhiteElo "1319"]
[BlackElo "1360"]
[PlyCount "153"]
[EventDate "2018.06.22"]
[EventType "swiss (rapid)"]
[EventRounds "9"]
[EventCountry "BLR"]
[SourceTitle "EXT 2019"]
[Source "ChessBase"]
[SourceDate "2018.10.10"]
[SourceVersion "1"]
[SourceVersionDate "2018.10.10"]
[SourceQuality "1"]

1. d4 d5 2. c4 e6 3. Nc3 Nf6 4. cxd5 exd5 5. Bf4 c6 6. Nf3 Nbd7 7. g3 Bb4 8. a3 Bxc3+ 9. bxc3 Ne4 10. Rc1 0-0 11. Bg2 Ndf6 12. Nd2 Bf5 13. 0-0 Qd7 14. f3 Nxd2 15. Qxd2 Bh3 16. e4 Bxg2 17. Qxg2 dxe4 18. fxe4 Rfe8 19. Rce1 Rac8 20. Bg5 Re6 21. Bxf6 Rxf6 22. Rxf6 gxf6 23. Qf3 Qe6 24. e5 fxe5 25. Rxe5 Qg6 26. Qe3 h6 27. Kg2 Qc2+ 28. Kh3 Qg6 29. Qe2 Kh7 30. Re7 Qf5+ 31. g4 Qd5 32. Qf2 Kg7 33. Rxb7 c5 34. Rxa7 cxd4 35. Qxd4+ Qxd4 36. cxd4 Rd8 37. Ra4 Rd5 38. Kg3 Kg6 39. h4 Kf6 40. Kf4 Rd6 41. Ke4 Kg6 42. Ra5 Re6+ 43. Re5 Ra6 44. h5+ Kg7 45. d5 Rxa3 46. Kf4 Rd3 47. g5 hxg5+ 48. Rxg5+ Kh6 49. Rf5 Kg7 50. Ke5 Kg8 51. d6 Kf8 52. h6 Ke8 53. Rh5 f6+ 54. Ke6 Re3+ 55. Kxf6 Rf3+ 56. Kg5 Rg3+ 57. Kh4 Rd3 58. h7 Rd4+ 59. Kg3 Rd3+ 60. Kf2 Rd2+ 61. Ke3 Rxd6 62. h8Q+ Kd7 63. Qg7+ Kc6 64. Qc3+ Kd7 65. Rh7+ Ke6 66. Rh6+ Kd7 67. Rxd6+ Kxd6 68. Qa5 Ke6 69. Qc5 Kf6 70. Qd5 Ke7 71. Qc6 Kf7 72. Qd6 Kg7 73. Qe6 Kh8 74. Qe7 Kg8 75. Kf4 Kh8 76. Kg5 Kg8 77. Kg6 1-0